000 00940nas a2200265 4500
001 BR8500070
003 BR-BrBNA
005 20231205090041.0
007 ta
008 230509b bl.|||p| |||| 00| 00por d
040 _aBR-BrBNA
_bpor
_cBiblioteca Nacional de Agricultura
041 _a(Pt)
072 _aH10
100 1 _aGrazia, J.
100 1 _aHildebrand, R.
100 1 _aMohr, A.
111 1 _a10. Congresso Brasileiro de Zoologia
_cBelo Horizonte, MG (Brazil)
_d1983
245 1 _aEstudo das ninfas de Arvelius albopunctatus (De Geer, 1773)(Heteroptera, Pentatomidae)
246 1 _aStudy on the nymphal stages of Arvelius albopunctatus (De Geer, 1773)(Heteroptera, Pentatomidae)
650 _aHETEROPTERO
650 _aBIOLOGIA
773 0 _tAnais da Sociedade Entomologica do Brasil (Brazil)
_xISSN 0301-8059
_g(1984), v. 13(1) p. 141-150
_wBR8500070
909 _a202311
_bLúcia
_c55
_dLúcia Elande
942 _2AGRIS
_n0
_cANA
999 _c115819
_d115819